| 000 | 00975nam a22002777a 4500 | ||
|---|---|---|---|
| 999 |
_c25712 _d25712 |
||
| 003 | OSt | ||
| 005 | 20210115144520.0 | ||
| 008 | 170322b xxu||||| |||| 00| 0 eng d | ||
| 010 | _a 2010680982 | ||
| 020 | _a9781897071717 (pbk.) | ||
| 040 |
_aMMU _beng. _cMMU _dMMU |
||
| 042 | _alccopycat | ||
| 050 | 0 | 0 |
_aQC903 _b.C432 2011 |
| 082 | 0 | 4 |
_a551.6 _222 |
| 100 | 1 | _aChivers, Danny. | |
| 245 | 1 | 4 |
_aThe no-nonsense guide to climate change : _bthe science, the solutions, the way forward / _cDanny Chivers. |
| 246 | 3 | 0 | _aClimate change |
| 260 |
_aToronto : _bNew Internationalist / BTL, _c[2011]. |
||
| 300 |
_a207 p. : _bill. ; _c18 cm. |
||
| 490 | 0 | _aThe no-nonsense guides | |
| 500 | _aNew ed. with a new author ; previous 2nd ed. authored by Dinyar Godrej. | ||
| 504 | _aIncludes bibliographical references (p. 197-200) and index. | ||
| 650 | 0 | _aClimatic changes. | |
| 700 | 1 |
_aGodrej, Dinyar, _d1965- _tNo-nonsense guide to climate change. |
|
| 942 |
_2lcc _cLOAN LOAN |
||